Statistics for Hawaii 5-0 characters

Click here to take the quiz!

General Stats

  • This quiz has been taken 121 times
  • The average score is 14 of 22

Answer Stats

HintAnswer% Correct
guy from jerseydanny
97%
ex surfer and first female on 50kono
97%
ex navy SEALsteve
97%
cousin of above and third member of 50chin ho
90%
guys from jersey daughtergrace
90%
married to ex surfer who later joined 50adam
89%
first medical examinermax
80%
owns shrip truckkamekona
78%
ex head of SWATlou
78%
guy that lives in his basementjerry
73%
ex seals enimywo fat
67%
sergeant at police departmentduke
66%
ex seals mentorjoe white
64%
ex seals mumjohn
64%
ex seals daddoris
60%
another ex navy SEALjunior
58%
droped out of police academytani
51%
second medical examinernoelani
34%
ex SWAT commanders kidswill and samantha
23%
ex navy SEALs all time love interestcathrine
20%
ex staff sergeant with army CIDquinn
15%
ex seals sistermary anne
11%

Score Distribution

Percentile by Number Answered

Percent of People with Each Score

Your Score History

You have not taken this quiz